000 00450cam a2200193 4500
001 D7243
008 090401t1977 xxu||||| |||| 00| 0 eng d
035 _a(Sirsi) u6184
041 _aeng
050 _a692.5
100 _aMudd, D.R.
245 _aPreliminaries
260 _aAscot
_bInstitute of Building
_c1977
300 _a4p. 30cm
350 _a0
490 _aSite Management Information Service
_v70
942 _n0
948 _c04/03/1997
999 _c86252
_d86252